000 00414nam a22001457a 4500
005 20241029165336.0
008 241029b |||||||| |||| 00| 0 eng d
020 _a8181280490
050 _aRB38.
_b2.D54 DIF
245 _aDifferential Diagnosis in Laboratory Medicine
_bA Quick reference for Physicians
260 _aNew Delhi
_bSpringer
_cc2003
300 _axxx,1098p
700 _aMesko, Dusan
942 _2lcc
_cBK
_n0
999 _c349
_d349